| 000 | 00863nam a2200265Ia 4500 | ||
|---|---|---|---|
| 003 | OSt | ||
| 005 | 20220916110914.0 | ||
| 006 | a|||||r|||| 00| 0 | ||
| 007 | ta | ||
| 008 | 220915b |||||||| |||| 00| 0 hin d | ||
| 024 | _a42787 | ||
| 037 | _cTextbook | ||
| 040 |
_bhin _aARTS _cARTS |
||
| 041 | _ahin | ||
| 082 | _aO15,1D40,3, 152K2-;3 | ||
| 100 | _aकालिदास; शास्त्री, | ||
| 245 | 0 | _aमेघदूतम् | |
| 246 | _aMeghadūtam | ||
| 260 |
_aमेरठ _bसाहित्य भण्डार भारत _c1962 |
||
| 300 |
_a274पण् _ccm. |
||
| 650 | _aहिन्दी साहित्य | ||
| 700 | _aशिवराज | ||
| 942 |
_hO15,1D40,3, 152K2-;3 _cTB _2CC |
||
| 999 |
_c100940 _d100940 |
||